Good laboratory practice OECD principles and guidance for compliance monitoring

Na minha lista:
Detalhes bibliográficos
Formato: Livro
Idioma:inglês
Publicado em: Paris OECD 2005
Assuntos:
Tags: Adicionar Tag
Sem tags, seja o primeiro a adicionar uma tag!

MARC

LEADER 00000nam$a2200000$$$4500
001 0040512
005 20221129082630.4
020 |a 92-64-01282-6 
041 0 |a eng 
044 |a FR 
245 1 0 |a Good laboratory practice  |b OECD principles and guidance for compliance monitoring 
264 1 |a Paris  |b OECD  |c 2005 
300 |a 139 s. 
610 2 0 |a kontrola 
610 2 0 |a postupy pracovné 
610 2 0 |a postupy technologické 
610 2 0 |a spracovanie dát 
610 2 0 |a metodika